01286nam a22002657a 450000500170000001000130001702000100003003500130004003700160005304000120006908200340008110000570011524501250017224600550029726000960035227000990044830000520054765000490059965000910064865000290073965000470076894200430081599900190085895201430087720170124102947.0  aA-541024  c50.00  aA-541024  bCen Lib/Ret  aDPLbHN  a821.08bमिश्ररा  aमिश्र, रामप्रसाद 950362  aद्विवेदी युग और उसके महाकवि /cरामप्रसाद मिश्र  aDwivedi yug aur uske mahakavi /bRamparasad Mishra  aनई दिल्ली bभारतीय ग्रन्थ निकेतन c1991  a2713, कूचा चेलन, दरियागंज bनई दिल्ली e110002  a157पृ. c19सेमी(सजिल्द)  aहिंदी साहित्य950363  aहिंदी साहित्य -- कविता -- महाकवि 950364  aHindi literature 950365  aHindi literature -- Poetry -- poets950366  2ddccHNh821.08mमिश्ररा  c113048d113048  00104070aLbLd2015-08-11eCen Lib/Retg50.00l0o821.08 मिश्रराpA-541024r2015-08-11 00:00:00t1v50.00w2015-08-11yHN